Представление документа в формате RUSMARC

ПолеНазваниеЗначение
  Тип записи a
  Библиографический уровень m
001 Контрольный номер UONB/MAIN/4960175ce41f41429408cac31c8d3751
005 Дата корректировки 20260422131050.5
010 Индекс ISBN __
b Уточнения в пер.
a ISBN 978-5-392-42330-9
9 Тираж 10000 экз.
100 Данные общей обработки __
a Данные общей обработки 20260402d2025 u u0rusy0189 ca
101 Язык документа 0_
a Язык текста rus
102 Страна публикации __
a Страна публикации RU
105 Кодированные данные (монография) __
a Кодированные данные (монография) a z 001yd
200 Заглавие и сведения об ответственности 1_
a Заглавие Профессионалы Империи
210 Выходные данные 1_
d Дата издания 2025
215 Физическое описание __
a Объем 335, [1] с.
c Иллюстрации/тип воспроизводства ил.
320 Библиография __
a Библиография Библиогр. в подстроч. примеч.
461 Уровень набора _0
1 700 1
a Мединский
b В. Р.
g Владимир Ростиславович
1 2001
a Рассказы из русской истории
f Владимир Мединский
g под научной редакцией Ю. А. Никифорова
v Кн. 7
1 2101
a Москва
c Проспект
d 2025-
1 001UONB/MAIN/aba6643918114f109d7e837e7790c733
1 203
a Текст
b визуальный
c непосредственный
1 215
d 22 см
606 Тематические рубрики 0_
a Основная рубрика Выдающиеся деятели России
j Формальный подзаголовок Биографии
607 Географические рубрики __
a Географическое наименование Россия
x Тематический подзаголовок История
610 Ключевые слова 0_
a Ключевые слова Россия история; история России; выдающиеся деятели России; биографии выдающихся деятелей России
686 Индексы других классификаций __
2 Код системы rubbk
a Классификационный индекс 63.3(2)-8
801 Источник записи _0
a Страна RU
b Организация Ульяновская ОНБ
c Дата составления 20260402
g Правила каталогизации RCR
801 Источник записи _1
a Страна RU
b Организация Ульяновская ОНБ
c Дата составления 20260402
g Правила каталогизации RCR
900 Электронные ресурсы __
a Имя электронного ресурса проспект20260107
900 Электронные ресурсы __
a Имя электронного ресурса проспект20260108
901 Тип документа __
t Тип документа n
w Контрольный № источника UONB/MAIN/aba6643918114f109d7e837e7790c733
909 Создатель записи __
a Создатель записи Егорова Э. А.
b Дата создания записи 20260402
910 Корректоры записи __
a Корректор записи Седова
b Дата внесения изменения в запись 20260422